Pro-energy magazín energetické trhy, trendy a perspektivy

Enregistré dans:
Détails bibliographiques
Format: Publication en série
Langue:tchèque
Publié: Praha ENERGY-HUB, s.r.o.
Sujets:
Tags: Ajouter un tag
Pas de tags, Soyez le premier à ajouter un tag!

MARC

LEADER 00000nas1a2200000$$$4500
001 0117553
005 20250828074254.0
022 |a 1802-4599 
041 0 |a cze 
044 |a CZ 
245 1 0 |a Pro-energy magazín  |b energetické trhy, trendy a perspektivy 
264 1 |a Praha  |b ENERGY-HUB, s.r.o. 
500 |a Do roku 2018 PRO-ENERGY 
610 2 0 |a energia 
610 2 0 |a ekológia 
610 2 0 |a hospodárnosť